[Event "Voronezh Rating op 06"]
[Site "Voronezh"]
[Date "2014.05.31"]
[Round "2"]
[White "Kozlov, Sergej A"]
[Black "Manukovsky, Vladimir"]
[Result "1/2-1/2"]
[WhiteElo "1905"]
[BlackElo "2223"]
[PlyCount "94"]
[EventDate "2014.05.30"]
[EventType "swiss"]
[EventRounds "7"]
[EventCountry "RUS"]
[SourceTitle "EXT 2015"]
[Source "ChessBase"]
[SourceDate "2014.11.20"]
[SourceVersion "1"]
[SourceVersionDate "2014.11.20"]
[SourceQuality "1"]

1. d4 Nf6 2. c4 c5 3. d5 e5 4. Nc3 d6 5. e4 g6 6. f4 exf4 7. Bxf4 Bg7 8. Nf3 0-0 9. Bd3 Re8 10. 0-0 Nh5 11. Bg5 Qb6 12. Qc2 Nd7 13. Kh1 a6 14. Qf2 Qc7 15. Rae1 Rb8 16. a3 b5 17. cxb5 c4 18. Be2 axb5 19. Nd4 Ne5 20. Ndxb5 Qd7 21. a4 Bf8 22. Qh4 Ng7 23. Bf6 Be7 24. Bxe7 Rxe7 25. Qf6 Ne8 26. Qf2 Ba6 27. Qd4 Rc8 28. Qb6 Ra8 29. Rc1 h5 30. Qf2 Kg7 31. Qg3 Nf6 32. Qg5 Nh7 33. Qe3 Nf6 34. Qg5 Nh7 35. Qe3 Bxb5 36. axb5 f6 37. Qd4 Rc8 38. b6 Rb8 39. Ra1 Rb7 40. Ra6 Ng5 41. Bxc4 h4 42. Bb5 Qc8 43. Qf2 Rf7 44. Qxh4 Qc5 45. Qf2 Qb4 46. Bc6 Rb8 47. Rfa1 Nd3 1/2-1/2